| 000 | 00620nam a2200193Ia 4500 | ||
|---|---|---|---|
| 005 | 20250508164836.0 | ||
| 008 | 008 250505s9999 xx 000 0 eng d | ||
| 037 | _aDissertations | ||
| 040 |
_aFEDL _beng _cFEDL |
||
| 041 |
_aeng _2eng |
||
| 084 |
_a372.4, ROY/DI _qFEDL |
||
| 100 |
_aRoy Jay Shankar _9779275 |
||
| 245 | 0 | _aStudy of relationship between the reading comprehension and school examination achievement in hindi in primary classes | |
| 260 | _c2009 | ||
| 300 | _a58p. | ||
| 546 | _aM.Ed. Dissertation, (Delhi University) | ||
| 942 |
_cDIS _h372.4, ROY/DI |
||
| 999 |
_c1391528 _d1391528 |
||